书目信息 |
| 题名: |
中国古代文学作品选简编
|
|
| 作者: | 袁世硕 主编 | |
| 分册: | 下 | |
| 出版信息: | 北京 人民文学出版社 2004.08 |
|
| 页数: | 476页 | |
| 开本: | 21cm | |
| 丛书名: | ||
| 单 册: | ||
| 中图分类: | I212.01 | |
| 科图分类: | ||
| 主题词: | 古典文学--gu dian wen xue--中国--作品综合集 | |
| 电子资源: | ||
| ISBN: | 7-02-004691-6 | |
| 000 | 00826nam0 2200229 450 | |
| 001 | 012007230348 | |
| 005 | 20070521102940.28 | |
| 010 | @a7-02-004691-6@dCNY55.00 (上下册) | |
| 100 | @a20070316d2004 km y0chiy0120 ea | |
| 101 | 0 | @achi |
| 102 | @aCN@b110000 | |
| 105 | @ay z 000yy | |
| 200 | 1 | @a中国古代文学作品选简编@Azhong guo gu dai wen xue zuo pin xuan jian bian@h下@f袁世硕主编@Fyuan shi shuo zhu bian |
| 210 | @a北京@c人民文学出版社@d2004.08 | |
| 215 | @a476页@d21cm | |
| 330 | @a本书按照历史顺序,选编自先秦至二十世纪五四新文学运动发生,历代主要文体的优秀作品凡二百五十家近千首(篇),有注释。 | |
| 333 | @a高等学校文科教材 | |
| 606 | 0 | @a古典文学@Agu dian wen xue@y中国@x作品综合集 |
| 690 | @aI212.01@v4 | |
| 701 | 0 | @a袁世硕@Ayuan shi shuo@4主编 |
| 801 | 0 | @aCN@c20070521 |
| 905 | @a10447@dI212.01@eY906:2 | |
| 中国古代文学作品选简编.下/袁世硕主编.-北京:人民文学出版社,2004.08 |
| 476页;21cm |
| 使用对象:高等学校文科教材 |
| ISBN 7-02-004691-6:CNY55.00 (上下册) |
| 本书按照历史顺序,选编自先秦至二十世纪五四新文学运动发生,历代主要文体的优秀作品凡二百五十家近千首(篇),有注释。 |
| ● |
| 相关链接 |
|
|
|
正题名:中国古代文学作品选简编
索取号:I212.01/Y906:2
 
预约/预借
| 序号 | 登录号 | 条形码 | 馆藏地/架位号 | 状态 | 备注 |
| 1 | 237857 | 202378578 | 文学库108/108文学库 12排9列2层/ [索取号:I212.01/Y906:2] | 在馆 | |
| 2 | 237858 | 202378587 | 社科二线400B/400B社科库 12排1列6层/ [索取号:I212.01/Y906:2] | 在馆 | |
| 3 | 237859 | 202378596 | 文学库108/108文学库 12排9列2层/ [索取号:I212.01/Y906:2] | 在馆 |